00912nam a22001577a 4500003000900000005001700009008004100026040001300067100001800080245006700098250000600165260002000171300001800191490002400209520052100233IT-RoPau20220918175939.0130125b xxu||||| |||| 00| 0 eng d cIT-RoPau aMerlo , Tecla aVi porto nel cuorebLettere circolari alle Figlie di San Paolo aI aRomabFSPc1989 a534 p.c21 cm aEdizioni PaolinevI aIndice generale Presentazione Introduzione I. Le circolari II. L'ambiente spirituale III. Linee emergenti a livello storico IV. Linee di spiritualità V. Osservazioni Testi Alba- Piazza San paolo (1929-1933) nn.1-49 Alba - Casa Madre (1934-1936) nn. 20-40 Roma - Casa Generalizia (1936-1964) nn. 41-290 Alle maestre delle case nn. 291-300 Indici Indice delle citazioni bibliche Indice dei nomi di luogo Indice dei nomi di persona Indice analitico per temi Indice cronologico Indice generale